书目信息 |
| 题名: |
翻译新概念
|
|
| 作者: | 宋天锡 编著 | |
| 分册: | ||
| 出版信息: | 北京 国防工业出版社 2004.03 |
|
| 页数: | 574页 | |
| 开本: | 20cm | |
| 丛书名: | ||
| 单 册: | ||
| 中图分类: | H315.9 | |
| 科图分类: | ||
| 主题词: | 英语--翻译--教材 | |
| 电子资源: | ||
| ISBN: | 7-118-03039-2 | |
| 000 | 01091nam0 2200241 450 | |
| 001 | 013050816 | |
| 005 | 20050906151348.87 | |
| 010 | @a7-118-03039-2@dCNY26.00 | |
| 100 | @a20030508d2004 km y0chiy0120 ea | |
| 101 | 0 | @achi@aeng |
| 102 | @aCN@b110000 | |
| 105 | @ay z 000yy | |
| 200 | 1 | @a翻译新概念@AFan Yi Xin Gai Nian@e英汉互译实用教程@d= A New Concept Course in Two-Way Translation Between English and Chinese@f宋天锡编著@Fsong tian xi bian zhu@zeng |
| 210 | @a北京@c国防工业出版社@d2004.03 | |
| 215 | @a574页@d20cm | |
| 330 | @a本书内容翔实,结构新颖,译例和练习涉猎广泛、情趣多样,知识性强,理论介绍集约而简明,翻译技巧介绍层次分明,练习与应用有机结合,较一版增加了大学英语四六级考试和硕士研究生入学英语考试翻译题常见结构及译技指导、汉语流行词语的翻译等内容。 | |
| 510 | @aNew concept course in two-way translation between English and Chinese@zeng | |
| 517 | 1 | @a英汉互译实用教程@AYing Han Hu Yi Shi Yong Jiao Cheng |
| 606 | 0 | @a英语@x翻译@j教材 |
| 690 | @aH315.9@v4 | |
| 701 | 0 | @a宋天锡@Asong tian xi@4编著 |
| 801 | 0 | @aCN@bQSSK@c20050906 |
| 905 | @a10447@dH315.9@eS778 | |
| 翻译新概念:英汉互译实用教程= A New Concept Course in Two-Way Translation Between English and Chinese/宋天锡编著.-北京:国防工业出版社,2004.03 |
| 574页;20cm |
| ←并列题名:New concept course in two-way translation between English and Chinese |
| ISBN 7-118-03039-2:CNY26.00 |
| 本书内容翔实,结构新颖,译例和练习涉猎广泛、情趣多样,知识性强,理论介绍集约而简明,翻译技巧介绍层次分明,练习与应用有机结合,较一版增加了大学英语四六级考试和硕士研究生入学英语考试翻译题常见结构及译技指导、汉语流行词语的翻译等内容。 |
| ● |
| 相关链接 |
|
|
|
正题名:翻译新概念
索取号:H315.9/S778
 
预约/预借
| 序号 | 登录号 | 条形码 | 馆藏地/架位号 | 状态 | 备注 |
| 1 | 561844 | 205618447 | 语言库209/209语言库 39排4列5层/ [索取号:H315.9/S778] | 在馆 | |
| 2 | 561845 | 205618456 | 语言库209/209语言库 39排4列5层/ [索取号:H315.9/S778] | 在馆 | |
| 3 | 561846 | 205618465 | 语言库209/ [索取号:H315.9/S778] | 在馆 |